STN EN ISO 7027-2: 2020 (75 7361), Kvalita vody. Stanovenie zákalu Časť 2 Semikvantitatívne metódy na hodnotenie priehľadnosti vôd (ISO 7027-2: 2019)
Táto norma je slovenskou verziou európskej normy EN ISO 7027-2: 2019. Preklad zabezpečil Úrad pre normalizáciu, metrológiu a skúšobníctvo Slovenskej republiky. Táto norma má rovnaké postavenie, ako majú oficiálne verzie
| Corporate Author: | |
|---|---|
| Other Authors: | |
| Format: | Book |
| Language: | Slovak English |
| PhysicalDescription: | 16 s. fotogr., tab. 30 cm |
| Published: |
Bratislava
Úrad pre normalizáciu, metrológiu a skúšobníctvo Slovenskej republiky
2020
|
| Subjects: |
MARC
| LEADER | 00000cam a2200000 a 4500 | ||
|---|---|---|---|
| 001 | vtls011909960 | ||
| 003 | SK-MaSNL | ||
| 005 | 20260302023155.0 | ||
| 008 | 200109s2020 xo oa f u 000 0 slo | ||
| 015 | |a SNBN2020 | ||
| 040 | |a SNK |b slo |c SNK |e AACR2 | ||
| 041 | 1 | |a slo |h eng | |
| 044 | |a xo |c SK | ||
| 046 | |a s |m 20200101 (účin.) | ||
| 072 | 7 | |a 502 |x Životné prostredie a jeho ochrana |2 konspekt | |
| 072 | 7 | |a 628 |x Sanitárna technika. Vodárenstvo. Odpadové hospodárstvo. Svetelná technika |2 konspekt | |
| 080 | |a 502.175:502.51 |2 2011 | ||
| 080 | |a 006.7/.8 |2 2001 | ||
| 080 | |a (437.6) |2 2001 | ||
| 080 | |a (4) |2 2001 | ||
| 080 | |a 628.161.1 |2 2011 | ||
| 084 | |a 13.060.60 |2 ICS | ||
| 130 | 0 | |a STN 75 7361 (STN EN ISO 7027-2) |9 669606 | |
| 245 | 1 | 0 | |a STN EN ISO 7027-2: 2020 (75 7361), Kvalita vody. Stanovenie zákalu |n Časť 2 |p Semikvantitatívne metódy na hodnotenie priehľadnosti vôd (ISO 7027-2: 2019) |
| 246 | 1 | 0 | |a Kvalita vody |
| 246 | 1 | 0 | |a Stanovenie zákalu. Časť 2 |
| 246 | 1 | 0 | |a Semikvantitatívne metódy na hodnotenie priehľadnosti vôd (ISO 7027-2: 2019) |
| 246 | 3 | 0 | |a EN ISO 7027-2: 2019 SK |
| 260 | |a Bratislava |b Úrad pre normalizáciu, metrológiu a skúšobníctvo Slovenskej republiky |c 2020 | ||
| 300 | |a 16 s. |b fotogr., tab. |c 30 cm | ||
| 500 | |a Súbežný názov v angličtine, francúzštine, nemčine | ||
| 500 | |a Spracovateľ: Výskumný ústav vodného hospodárstva Bratislava, Daša Borovská | ||
| 500 | |a Táto norma nahrádza anglickú verziu STN EN ISO 7027-2 z júla 2019, ktorá od 1.7.2019 nahradila STN EN ISO 7027 z decembra 2001 v celom rozsahu | ||
| 504 | |a Normatívne referenčné dokumenty s. 2 ; literatúra s. 15 | ||
| 520 | 8 | |a Táto norma je slovenskou verziou európskej normy EN ISO 7027-2: 2019. Preklad zabezpečil Úrad pre normalizáciu, metrológiu a skúšobníctvo Slovenskej republiky. Táto norma má rovnaké postavenie, ako majú oficiálne verzie | |
| 540 | |a STN vydané na akomkoľvek nosiči sa môžu rozmnožovať a rozširovať iba so súhlasom určenej právnickej osoby |b SÚTN Bratislava |c zákon 264/1999 Z. z. | ||
| 650 | 0 | 7 | |a kvalita vody |2 SNKPH |9 26942 |
| 650 | 0 | 7 | |a technické normy a štandardy |z Slovensko |2 SNKPH |9 79594 |
| 650 | 0 | 7 | |a technické normy a štandardy |z krajiny Európskej únie |2 SNKPH |9 289341 |
| 650 | 0 | 7 | |a Water quality |2 SNKPHeng |9 290979 |
| 650 | 0 | 7 | |a voda |2 SNKPH |9 854 |
| 655 | 7 | |a normy |2 SNKPH |9 70643 | |
| 700 | 1 | |a Borovská, Daša |4 trl |9 303172 | |
| 710 | 1 | |a Slovensko. |b Úrad pre normalizáciu, metrológiu a skúšobníctvo |4 stn |9 158117 | |
| 710 | 2 | |a Slovenský ústav technickej normalizácie (Bratislava, Slovensko). |b Technická komisia č. 27 Kvalita a ochrana vody |4 stn |9 307016 | |
| 710 | 2 | |a Výskumný ústav vodného hospodárstva Bratislava |9 358371 | |
| 852 | |a Štátna vedecká knižnica v Banskej Bystrici | ||
| 958 | |a OP | ||
| 958 | |a NB | ||
| 999 | |c 1035596 |d 1037526 | ||
| 952 | |a SNK |b SNK |y PREZ |7 0 |p 17A1416833 |o snkSTN EN ISO 7027-2 |i snk2020/6426 |8 0 |0 0 |1 0 |4 0 |d 2020-03-12 |l 0 |r 2026-02-24 14:07:31 |w 2026-02-24 | ||
| 952 | |a SNK |b SNK |y PREZ |7 0 |p 17A1416834 |o snkSTN EN ISO 7027-2 D1 |i snk2020/6427 |8 0 |0 0 |1 0 |4 0 |d 2020-03-12 |l 0 |r 2026-02-24 14:07:31 |w 2026-02-24 | ||


